15 principaux pays touchés par Covid-19 - 25 août 2021 - Statistiques

Statistiques générales
  • Ce quiz a été pris 54 fois
  • Le résultat moyen est 12 sur 26
Statistiques - réponses
pays % Correct
France
98%
Etats-Unis
94%
Espagne
92%
Inde
86%
Russie
86%
Italie
84%
Allemagne
82%
Brésil
78%
Royaume-Uni
72%
Mexique
62%
Argentine
58%
Pays-Bas
40%
Indonésie
38%
Iran
36%
Suède
36%
Turquie
34%
Colombie
32%
Tchèquie
14%
Uruguay
12%
Estonie
10%
Israël
10%
Lituanie
6%
Panama
6%
Slovénie
6%
Bahreïn
0%
Géorgie
0%
Aucun quiz correspondant
Distribution des résultats
% des personnes avec chaque résultat
Percentile par nombre de réponses
Votre historique - résultats
Vous n’avez pas pris ce quiz